| 000 | 01084nam a2200337 c 4500 | ||
|---|---|---|---|
| 999 |
_c397665 _d397665 |
||
| 003 | BLK | ||
| 005 | 20231109113540.0 | ||
| 008 | 180412b bul|||||r ||||||| ||bul|| | ||
| 010 | _aKNG00009407000 | ||
| 020 | _a9789543986460 | ||
| 040 | _aBLK | ||
| 041 |
_aBUL _cBUL |
||
| 080 |
_aНемска литература _b821.112.2 _x-93-31 _z821.112.2-93-31 |
||
| 100 | 1 |
_aМай, Карл _eпърви автор _9241916 |
|
| 139 |
_aМай, Карл _bМ 16 |
||
| 245 | 1 | 0 |
_aПрез Кордилерите _cКарл Май; прев. от нем. Веселин Радков. |
| 257 | _aBGR | ||
| 260 |
_aСофия _c2020 _9209481 _bТруд _n978-954-398- ; 978-954-528- |
||
| 300 |
_c20 см _a463 с. |
||
| 380 | _aDX | ||
| 490 |
_aЗлатни детски книги _9203328 |
||
| 700 |
_aРадков, Веселин Стаменов _eпрев. от нем. _9247612 |
||
| 856 | 4 |
_qpdf _u |
|
| 856 | 4 |
_qpdf _u |
|
| 942 |
_cKNG _n0 _s1 _03 |
||
| 944 |
_aCR _c2021-02-09 _k30532 _lМира Стойчева |
||
| 999 | _d397665 | ||
| 999 | _d397665 | ||
| 999 | _d8071 | ||
| 999 | _d8071 | ||